Sports Quiz

Random Sports Quiz

Qbs with 31+ Touchdown Passes ( Season ) Quiz Stats

 Plays Quiz not verified by Sporcle

Challenge
Share
Tweet
Embed
Score 0/53 Timer 04:00
0 Plays Today
Team Player % Correct
PatriotsTom Brady
100%
DolphinsDan Marino
100%
ColtsPeyton Manning
100%
DolphinsDan Marino
100%
PackersBrett Favre
100%
PackersBrett Favre
100%
PatriotsTom Brady
100%
PackersBrett Favre
100%
ColtsPeyton Manning
100%
PackersBrett Favre
100%
PatriotsTom Brady
100%
ColtsPeyton Manning
100%
ChargersDan Fouts
100%
BillsJim Kelly
100%
PackersBrett Favre
100%
ColtsPeyton Manning
100%
PackersBrett Favre
100%
PackersBrett Favre
100%
ColtsPeyton Manning
100%
ColtsPeyton Manning
100%
GiantsEli Manning
100%
PackersBrett Favre
100%
49ersJoe Montana
100%
RamsKurt Warner
99.3%
RamsKurt Warner
99.3%
49ersSteve Young
99.3%
49ersSteve Young
99.3%
Team Player % Correct
SaintsDrew Brees
97.3%
CowboysTony Romo
96.7%
ChargersPhilip Rivers
96.7%
VikingsDante Culpepper
96%
VikingsDante Culpepper
94%
ChargersDan Fouts
92%
SiantsDrew Brees
90%
OilersWarren Moon
90%
LionsMatthew Stafford
90%
RavensVinny Testaverde
90%
VikingsDante Culpepper
90%
PackersAaron Rodgers
90%
LionsScott Mitchell
80%
SeahawksDave Krieg
80%
La RamsJim Everett
80%
RavensVinny Testaverde
76%
BengalsCarson Palmer
70%
49ersJeff Garcia
70%
49ersJeff Garcia
70%
VikingsRandall Cunningham
59.3%
PanthersSteve Beuerlein
52%
VikingsWarren Moon
52%
PackersLynn Dickey
50%
FalconsSteve Bartkowski
20%
10%
SteelersBen Roethliberger
0%

You're not logged in!

Compare scores with friends on all Sporcle quizzes.
Join for Free
OR
Log In

You Might Also Like...

Show Comments

Extras

Top Quizzes Today


Score Distribution

Your Account Isn't Verified!

In order to create a playlist on Sporcle, you need to verify the email address you used during registration. Go to your Sporcle Settings to finish the process.

Report this User

Report this user for behavior that violates our Community Guidelines.

Details: